[Event "Berkshire Berks & Bucks op-D"]
[Site "Berkshire"]
[Date "2023.08.28"]
[Round "5"]
[White "Grimmett, Ashton"]
[Black "Swiatkowski, Aram"]
[Result "0-1"]
[WhiteElo "1718"]
[BlackElo "1749"]
[PlyCount "58"]
[EventDate "2023.08.26"]
[EventType "swiss"]
[EventRounds "6"]
[EventCountry "ENG"]
[SourceTitle "EXT 2024"]
[Source "ChessBase"]
[SourceDate "2023.10.10"]
[SourceVersion "1"]
[SourceVersionDate "2023.10.10"]
[SourceQuality "1"]

1. d4 Nf6 2. c4 g6 3. Nf3 Bg7 4. g3 d6 5. Nc3 0-0 6. Bg2 Bg4 7. Bg5 h6 8. Bxf6 Bxf6 9. 0-0 Qd7 10. e4 Nc6 11. Ne2 Bh3 12. Rb1 Bxg2 13. Kxg2 a5 14. a3 e5 15. d5 Ne7 16. b4 axb4 17. axb4 Ra3 18. Qc1 Rfa8 19. Qxh6 Qg4 20. Neg1 Qxe4 21. Qc1 Nf5 22. Re1 Qd3 23. g4 e4 24. Nd2 e3 25. fxe3 Nxe3+ 26. Kh1 Bc3 27. Rxe3 Qxe3 28. Ndf3 Qe4 29. Qf1 Ra1 0-1

[Event "Berkshire Berks & Bucks op-D"]
[Site "Berkshire"]
[Date "2023.08.28"]
[Round "6"]
[White "Grimmett, Ashton"]
[Black "Tickner, W Peter"]
[Result "1/2-1/2"]
[WhiteElo "1718"]
[BlackElo "1747"]
[PlyCount "66"]
[EventDate "2023.08.26"]
[EventType "swiss"]
[EventRounds "6"]
[EventCountry "ENG"]
[SourceTitle "EXT 2024"]
[Source "ChessBase"]
[SourceDate "2023.10.10"]
[SourceVersion "1"]
[SourceVersionDate "2023.10.10"]
[SourceQuality "1"]

1. d4 Nf6 2. c4 e6 3. Nf3 Bb4+ 4. Bd2 Bxd2+ 5. Qxd2 b6 6. Nc3 Bb7 7. g3 d6 8. Bg2 Nbd7 9. 0-0 0-0 10. a4 Ne4 11. Nxe4 Bxe4 12. a5 bxa5 13. Rxa5 c5 14. Rfa1 Qc7 15. Qe3 f5 16. Ng5 cxd4 17. Qxd4 e5 18. Qe3 Bxg2 19. Ne6 Qxc4 20. Nxf8 f4 21. Qa3 Rxf8 22. Kxg2 Qxe2 23. Rxa7 f3+ 24. Kg1 Nc5 25. Ra8 Rxa8 26. Qxa8+ Kf7 27. Qd5+ Ne6 28. Qxd6 Qxb2 29. Re1 Kf6 30. h4 h6 31. Rd1 g5 32. Qc6 g4 33. Qe4 Qe2 1/2-1/2